000 00777cab a2200217 4500
001 ABS50799
008 090401t1994 xxu||||| |||| 00| 0 eng d
035 _a(Sirsi) u50709
041 _aeng
100 _aRobertson, D.
245 _aConstruction material prices
260 _c1994
350 _a0
490 _aCSM (Chartered Surveyor Monthly)
_v3(9) June 1994, 19(1)
520 _aExamines data relevant to construction economics such as functional prices, preliminaries survey and construction material prices, discussing current issues. Tabulates contractors` percentage additions and dayworkss percentage additions.
650 _aBCIS
650 _aCONSTRUCTION ECONOMICS
690 _aBUILDING AND CONSTRUCTION-ECONOMICS
942 _n0
948 _c04/03/1997
999 _c31647
_d31647